000 02088cam a22002054a 4500
005 20250605164137.0
008 250528s ||||||||||||||||||||||||d
035 _a18834
020 _a6622258
040 _aGR-AtMCL
_bgre
_dGR-AtMCL
_eAACR2
245 1 _aA Tower in Babel / A History of Broadcasting in the United States: Volume I to 1933
260 _bOxford University Press,
_c1966
300 _a348
505 0 _aIntroduction, The Black Box, On Native Soil, Voices in the Night, Mission in the Ether, The Greatest Bunch of Junk, Builders, War, The Big Ones, Cloak and Dagger Wireless, Golden Sunset, Watching the Ramparts, Covenants Quietly Arrived At, Ferment, Decision in Pittsburgh, Towers, Up a Ladder in Newark, Chicago - the City of Opera, The Euphoria of 1922, Phone Booth of the Air, Discord, Shade of the Potted Palm, Explorations: 1923-24, Washington Gifts, Dear and Dear Friends, Crisis in the Air, Web, Upstart, A Law is Made, The Cooliridge Hour, Birth of the FRC, Plunk and Luck, Ain't Dat Sumpin?, Upward, Panic, But First, Come in World, Ghosts, Arena, November Deadline, God and Mammon, Chat, Appendices, The Radio Act of 1912, The Radio Act of 1927, Bibliography, Index.
520 _aIntroduction, The Black Box, On Native Soil, Voices in the Night, Mission in the Ether, The Greatest Bunch of Junk, Builders, War, The Big Ones, Cloak and Dagger Wireless, Golden Sunset, Watching the Ramparts, Covenants Quietly Arrived At, Ferment, Decision in Pittsburgh, Towers, Up a Ladder in Newark, Chicago - the City of Opera, The Euphoria of 1922, Phone Booth of the Air, Discord, Shade of the Potted Palm, Explorations: 1923-24, Washington Gifts, Dear and Dear Friends, Crisis in the Air, Web, Upstart, A Law is Made, The Cooliridge Hour, Birth of the FRC, Plunk and Luck, Ain't Dat Sumpin?, Upward, Panic, But First, Come in World, Ghosts, Arena, November Deadline, God and Mammon, Chat, Appendices, The Radio Act of 1912, The Radio Act of 1927, Bibliography, Index.
700 1 _aBarnouw Erik
_95100
942 _cBK
999 _c4146
_d4146